000 00595nam a2200181Ia 4500
001 3914
005 20260306145718.0
008 260306t2009||||xx |||||||||||||| ||spa||
041 _aESP
082 _a305.42
_bI59B
100 _aInstituto Interamericano de Derechos Humanos
_eAUT
245 0 _aEl protocolo facultativo de la convención sobre la eliminación de todas las formas de discrimimnación contra la mujer:
_bAnálisis de los casos eante el comité de la CEDAW
260 _c2009
300 _a210 páginas :
_c21 cm.
650 _aGEN
654 _aCHU
942 _cLIB
_dJUS
_fJUS
_2ddc
_n
999 _c3914
_d3914